| 000 | 01227cam a22003617a 4500 | ||
|---|---|---|---|
| 003 | CHAP | ||
| 005 | 20220329142407.0 | ||
| 008 | 001114d2000 mx r 00110 spa d | ||
| 010 | _a82825 | ||
| 011 | _a83797 | ||
| 035 | _a94313 | ||
| 040 | _cCHAP | ||
| 090 | _aTesis | ||
| 100 | 0 | 0 |
_aAmezcua Cornejo, Joaquín. _95327 |
| 245 | 1 | 0 |
_aFondos de inversión para el desarrollo forestal (FIDEFO) : _bMemoria de experiencia profesional _c/por Joaquín Amezcua Cornejo. |
| 260 |
_aChapingo, Méx. : _bEl autor, _c2000. |
||
| 300 |
_a73 h. : _bcuads. |
||
| 502 | _aTesis (Ing. Forestal) -- UACH. División de Ciencias Forestales. | ||
| 590 |
_aALEPH _b10 _c20130110 _lUCH01 _h1439 |
||
| 590 |
_aBATCH-UPD _b10 _c20130110 _lUCH01 _h0628 |
||
| 590 |
_aBATCH-UPD _b10 _c20130410 _lUCH01 _h0310 |
||
| 590 |
_aBATCH-UPD _b10 _c20130914 _lUCH01 _h0316 |
||
| 590 |
_aCONVERSION _b10 _c20130109 _lUCH01 _h1346 |
||
| 650 | 1 | 4 |
_aCrédito agrícola. _929022 |
| 650 | 1 | 4 |
_aCrédito forestal. _929094 |
| 650 | 1 | 4 |
_aForestación. _942339 |
| 650 | 1 | 4 |
_aInversiones. _960178 |
| 901 | _aBK | ||
| 905 | _aEdna Luz | ||
| 942 | _cFOLL | ||
| 949 |
_bBC _cTES _d33724000802930 _eTS2 _fc.2 _h37458 _i94313 _sb |
||
| 949 |
_bBC _cTES _d943131 _eTS1 _h37457 _i94313 _sb |
||
| 999 |
_c82825 _d82825 |
||